[Event "TUN-chT"]
[Site "Hammamet"]
[Date "2019.02.10"]
[Round "3.4"]
[White "Hmam, Mohamed"]
[Black "Salem, Souhaieb"]
[Result "1-0"]
[WhiteElo "2020"]
[BlackElo "1916"]
[PlyCount "83"]
[EventDate "2019.02.09"]
[EventType "team-tourn"]
[EventRounds "11"]
[EventCountry "TUN"]
[SourceTitle "CBM 190 Extra"]
[Source "ChessBase"]
[SourceDate "2019.07.15"]
[SourceVersion "1"]
[SourceVersionDate "2019.07.15"]
[SourceQuality "1"]
[WhiteTeam "Ksour"]
[BlackTeam "Metouia"]
[WhiteTeamCountry "TUN"]
[BlackTeamCountry "TUN"]

1. d4 Nf6 2. Nf3 g6 3. c4 Bg7 4. Nc3 d6 5. h3 0-0 6. e4 e5 7. d5 a5 8. Bg5 Na6 9. g4 Bd7 10. Be2 Nc5 11. Nd2 Qc8 12. Qc2 h6 13. Be3 b6 14. 0-0-0 Ne8 15. Rdg1 Kh7 16. h4 Kh8 17. g5 h5 18. Qd1 f5 19. gxf6 Rxf6 20. Rg2 Bh3 21. Rg3 Bd7 22. Rhg1 Kh7 23. Nf3 Bh6 24. Bxh6 Kxh6 25. Qd2+ Kg7 26. Ng5 Rxf2 27. Ne6+ Nxe6 28. Rxg6+ Kf7 29. dxe6+ Bxe6 30. Qh6 Ke7 31. Nd5+ Bxd5 32. cxd5 c6 33. Rg7+ Kd8 34. Qg5+ Rf6 35. Rf1 cxd5+ 36. Kb1 Qe6 37. Bxh5 Kc8 38. Rxf6 Qxf6 39. Bxe8 Qf1+ 40. Qc1+ Qxc1+ 41. Kxc1 dxe4 42. Bc6 1-0

[Event "TUN-chB"]
[Site "Hammamet"]
[Date "2016.10.17"]
[Round "5"]
[White "Chikhaoui, Walid"]
[Black "Salem, Souhaieb"]
[Result "1/2-1/2"]
[WhiteElo "2211"]
[BlackElo "1977"]
[PlyCount "77"]
[EventDate "2016.10.15"]
[EventType "swiss"]
[EventRounds "9"]
[EventCountry "TUN"]
[SourceTitle "EXT 2018"]
[Source "ChessBase"]
[SourceDate "2017.10.13"]
[SourceVersion "1"]
[SourceVersionDate "2017.10.13"]
[SourceQuality "1"]

1. d4 Nf6 2. c4 g6 3. Nc3 Bg7 4. e4 d6 5. Be2 0-0 6. Bg5 h6 7. Be3 e5 8. d5 a5 9. g4 Ne8 10. Qd2 Kh7 11. f3 Na6 12. Bd3 Nc5 13. Bc2 Bd7 14. Nge2 c6 15. h4 Rb8 16. Ng3 b5 17. dxc6 Bxc6 18. cxb5 Bd7 19. h5 g5 20. Bxc5 dxc5 21. a4 Nf6 22. 0-0-0 Be6 23. Qxd8 Rfxd8 24. Rxd8 Rxd8 25. Rd1 Rd4 26. Rxd4 cxd4 27. Nd5 Nd7 28. Nc7 Nc5 29. Nxe6 fxe6 30. Kd2 Bf8 31. Ne2 Kg7 32. Nc1 Bd6 33. Nd3 Nb7 34. b3 Kf6 35. Nb2 Ke7 36. Nc4 Kd7 37. Bd1 Kc7 38. Be2 Kd7 39. Ke1 1/2-1/2